Giai thoại văn học Việt Nam

Sách được xuất bản lần đầu năm 1965; tái bản năm 1988 và tái bản lần thứ 3 năm 2000

Wedi'i Gadw mewn:
Manylion Llyfryddiaeth
Prif Awdur: Hoàng Ngọc Phách
Fformat: Llyfr
Iaith:Undetermined
Cyhoeddwyd: Hà Nội Văn học 2001
Pynciau:
Tagiau: Ychwanegu Tag
Dim Tagiau, Byddwch y cyntaf i dagio'r cofnod hwn!
Thư viện lưu trữ: Trung tâm Học liệu Trường Đại học Cần Thơ
LEADER 00721nam a2200181Ia 4500
001 CTU_39671
008 210402s9999 xx 000 0 und d
082 |a 495.922 
082 |b Gi103 
100 |a Hoàng Ngọc Phách 
245 0 |a Giai thoại văn học Việt Nam 
245 0 |c Hoàng Ngọc Phách, Kiều Thu Hoạch 
260 |a Hà Nội 
260 |b Văn học 
260 |c 2001 
520 |a Sách được xuất bản lần đầu năm 1965; tái bản năm 1988 và tái bản lần thứ 3 năm 2000 
650 |a parallelism ( language ),vietnamese language - parallelism,vietnamese literature - miscellanea 
980 |a Trung tâm Học liệu Trường Đại học Cần Thơ